000 00450nam a2200121 a 4500
008 120416s1967 ||||||||||||||||| || u
050 _aNK 1380 Rea
100 _aReade, Brian
245 1 0 _aArt nouveau and alphonse
260 _aLondon
_bHer Majesty`s Stationary Office
_c1967
350 _a0.00
995 _D0.00
_FCBU-MAIN LIBRARY (Kitwe)
_H1
_I0.00
_M1
_UAVAILABLE
_ZAnnex Low-Usage Collection
999 _c34859
_d34859